Second general accelerator physics course : CAS CERN Accelerator School, Scanticon Conference Centre, Aarhus, Denmark, 15-26 September 1986: proceedings /

Bibliographic Details
Corporate Author: CERN Accelerator School Aarhus, Denmark
Other Authors: Turner, S. (Stuart), 1935-
Format: Conference Proceeding Book
Language:English
Published: Geneva : CERN, 1987.
Series:CERN (Series) ; 87-10.
Subjects:

MARC

Tag First Indicator Second Indicator Subfields
LEADER 00000cam a2200000 a 4500
001 in00000015489
005 20151007052528.0
008 871111s1987 sz a b 10010 eng d
035 |a (OCoLC)16964111 
035 |9 AAA8155AM 
040 |a IUL  |c IUL  |d TXA  |d UtOrBLW 
049 |a TXAM  |c [A12608162] 
050 4 |a QC770  |b .E89 no.87-10 
111 2 |a CERN Accelerator School  |d (1986 :  |c Aarhus, Denmark) 
245 1 0 |a Second general accelerator physics course :  |b CAS CERN Accelerator School, Scanticon Conference Centre, Aarhus, Denmark, 15-26 September 1986: proceedings /  |c editor: S. Turner. 
264 1 |a Geneva :  |b CERN,  |c 1987. 
300 |a xiv, 383 pages :  |b illustrations ;  |c 30 cm. 
336 |a text  |b txt  |2 rdacontent 
337 |a unmediated  |b n  |2 rdamedia 
338 |a volume  |b nc  |2 rdacarrier 
490 1 |a CERN ;  |v 87-10 
504 |a Includes bibliographies. 
650 0 |a Particle accelerators  |v Congresses. 
700 1 |a Turner, S.  |q (Stuart),  |d 1935- 
830 0 |a CERN (Series) ;  |v 87-10. 
999 |a MARS 
999 f f |s d3fb0a93-5a62-33f7-9947-2823c7f0ff31  |i 06a5195c-f66a-33ae-82fb-bdbd82249279  |t 0 
952 f f |p ric  |a Texas A&M University  |b Rellis Campus  |c Joint Library Facility  |d Remote Storage  |t 0  |e QC770 .E89 no.87-10  |h Library of Congress classification  |i unmediated -- volume  |m A14812608162 
998 f f |a QC770 .E89 no.87-10  |t 0  |l Remote Storage